| 000 | 00602nam a2200205Ia 4500 | ||
|---|---|---|---|
| 003 | GCL | ||
| 008 | 140319s9999 xx 000 0 ara d | ||
| 040 |
_aGCL / _cGCL |
||
| 082 | 0 | 4 |
_a833.03 _bا ل |
| 100 | 1 | _aالياس خورى | |
| 245 | 1 | 0 |
_aليلة لشبونة / _cالياس خورى |
| 700 | 1 | _aريمارك، اريشى ماريا | |
| 700 | 1 | _aليلى نعيم (ترجمة) | |
| 300 | _a291 ص | ||
| 490 |
_aذاكرة الشعوب _v0 |
||
| 650 | 0 | 4 | _aالادب الالمانى |
| 650 | 0 | 4 | _aالقصص الالمانية |
| 650 | 0 | 4 | _aالقصص الطويلة |
| 942 |
_2ddc _cBK |
||
| 999 |
_c39494 _d39494 |
||